[Event "IV Open Internacional Ciutat d"]
[Site "Palma"]
[Date "2009.11.23"]
[Round "4.17"]
[White "Rodriguez Lopez, Rafael"]
[Black "Malakhatko, Vadim"]
[Result "0-1"]
[WhiteElo "2323"]
[BlackElo "2544"]
[PlyCount "108"]
[EventDate "2009.11.21"]

1. Nf3 d5 2. d4 Nf6 3. c4 c6 4. Nc3 dxc4 5. a4 e6 6. e3 c5 7. Bxc4 Nc6 8. O-O
Be7 9. Qe2 cxd4 10. Rd1 O-O 11. Nxd4 Qc7 12. Nxc6 bxc6 13. e4 a5 14. Bg5 h6 15.
Bh4 e5 16. f3 Bc5+ 17. Bf2 Qb6 18. Bxc5 Qxc5+ 19. Kh1 Rb8 20. Rac1 Qb4 21. b3
Nd7 22. Nb1 Nc5 23. Nd2 Rd8 24. Qe3 Be6 25. h3 Rd4 26. Bxe6 Nxe6 27. Nc4 f6 28.
Rxd4 Nxd4 29. Rb1 Qc5 30. Qc3 Rb4 31. Rb2 Nxb3 32. Rxb3 Qxc4 33. Qxc4+ Rxc4 34.
Rb8+ Kh7 35. Rc8 h5 36. h4 Rxa4 37. Rxc6 Ra1+ 38. Kh2 a4 39. Ra6 a3 40. Kg3 a2
41. Ra8 g6 42. Ra7+ Kg8 43. Kh2 f5 44. Kg3 fxe4 45. fxe4 Kf8 46. Ra5 Kf7 47.
Ra6 Ke7 48. Ra7+ Kd6 49. Ra5 Kc6 50. Ra4 Kb5 51. Ra8 Kc4 52. Ra7 Kd3 53. Ra4
Ke3 54. Kh2 Kf4 0-1

[Event "IV Open Internacional Ciutat d"]
[Site "Palma"]
[Date "2009.11.23"]
[Round "4.6"]
[White "Henrichs, Thomas"]
[Black "Rozentalis, Eduardas"]
[Result "0-1"]
[WhiteElo "2471"]
[BlackElo "2611"]
[PlyCount "32"]
[EventDate "2009.11.21"]

1. c4 b6 2. Nc3 e6 3. Nf3 Bb7 4. e3 Nf6 5. d4 d5 6. Bd3 Be7 7. O-O O-O 8. b3 c5
9. Bb2 cxd4 10. exd4 Nc6 11. Rc1 Rc8 12. Qe2 Nb4 13. Bb1 dxc4 14. bxc4 Bxf3 15.
gxf3 Qxd4 16. a3 Qf4 0-1

[Event "IV Open Internacional Ciutat d"]
[Site "Palma"]
[Date "2009.11.23"]
[Round "4.11"]
[White "Colovic, Aleksandar"]
[Black "Savchenko, Stanislav"]
[Result "1/2-1/2"]
[WhiteElo "2443"]
[BlackElo "2536"]
[PlyCount "25"]
[EventDate "2009.11.21"]

1. e4 e6 2. d4 d5 3. Nd2 dxe4 4. Nxe4 Nd7 5. Nf3 Ngf6 6. Nxf6+ Nxf6 7. Bg5 c5
8. Bb5+ Bd7 9. Bxd7+ Qxd7 10. Qe2 Be7 11. O-O-O O-O 12. dxc5 Qc6 13. Ne5
1/2-1/2

[Event "IV Open Internacional Ciutat d"]
[Site "Palma"]
[Date "2009.11.23"]
[Round "4.12"]
[White "Souleidis, Georgios"]
[Black "Franco Ocampos, Zenon"]
[Result "1/2-1/2"]
[WhiteElo "2429"]
[BlackElo "2516"]
[PlyCount "149"]
[EventDate "2009.11.21"]

1. e4 c5 2. Nf3 Nc6 3. d4 cxd4 4. Nxd4 Nf6 5. Nc3 d6 6. Bg5 Bd7 7. Qd2 Rc8 8.
f4 h6 9. Bxf6 gxf6 10. Nf5 Bxf5 11. exf5 Qa5 12. Bd3 d5 13. a3 d4 14. Ne4 Qxd2+
15. Kxd2 h5 16. Rae1 Kd7 17. g3 Rh6 18. Nc5+ Kc7 19. Nb3 Rd8 20. Bc4 Rh7 21.
Ke2 a6 22. Kf3 b5 23. Bd3 Rh8 24. Be4 Nb8 25. Rd1 e5 26. fxe6 fxe6 27. Ke2 e5
28. fxe5 fxe5 29. Rhf1 Rd7 30. Rf6 Bd6 31. Kd3 h4 32. g4 Rg7 33. h3 Nd7 34. Rf3
Rf8 35. Rxf8 Bxf8 36. Rf1 Be7 37. Rf5 Kd6 38. Rh5 a5 39. Rh6+ Kc7 40. Rc6+ Kd8
41. Bf5 a4 42. Na5 Nc5+ 43. Ke2 Ke8 44. Rc8+ Kf7 45. Nc6 Bd6 46. Nxe5+ Kf6 47.
Nc6 Kg5 48. Kf3 d3 49. cxd3 Nb3 50. Nd8 Re7 51. Ne6+ Kf6 52. Rf8+ Ke5 53. Nf4
Kd4 54. Rd8 Kc5 55. Rc8+ Kd4 56. Ne2+ Ke5 57. d4+ Nxd4+ 58. Nxd4 Kxd4 59. Rd8
Kc5 60. Rc8+ Kd4 61. Rd8 Kc5 62. g5 Re1 63. g6 Rf1+ 64. Ke4 Re1+ 65. Kf3 Rf1+
66. Kg4 Rf2 67. Rc8+ Kd5 68. Kg5 Be7+ 69. Kh6 Rxf5 70. g7 Rf6+ 71. Kh7 Rf7 72.
Kg6 Rf6+ 73. Kh7 Rf7 74. Kg6 Rf6+ 75. Kh7 1/2-1/2

[Event "IV Open Internacional Ciutat d"]
[Site "Palma"]
[Date "2009.11.23"]
[Round "4.13"]
[White "Drozdovskij, Yuri"]
[Black "Quillan, Gary"]
[Result "1-0"]
[WhiteElo "2625"]
[BlackElo "2394"]
[PlyCount "49"]
[EventDate "2009.11.21"]

1. Nf3 Nf6 2. c4 e6 3. g3 c5 4. Bg2 d5 5. O-O Be7 6. cxd5 Nxd5 7. d4 O-O 8. Nc3
Nf6 9. dxc5 Bxc5 10. Bf4 Nc6 11. Ne5 Nxe5 12. Bxe5 Ng4 13. Bf4 Qb6 14. e3 e5
15. Bg5 Be6 16. Rc1 Rac8 17. h3 h6 18. Na4 Qb5 19. Rxc5 Rxc5 20. Be7 Rc4 21. b3
Re8 22. hxg4 Bxg4 23. Nc3 Qb6 24. Qd6 Rxe7 25. Qxe7 1-0

[Event "IV Open Internacional Ciutat d"]
[Site "Palma"]
[Date "2009.11.23"]
[Round "4.15"]
[White "Pons Sastre, Santiago"]
[Black "Sumets, Andrey"]
[Result "0-1"]
[WhiteElo "2380"]
[BlackElo "2604"]
[PlyCount "84"]
[EventDate "2009.11.21"]

1. c4 Nf6 2. Nc3 e6 3. e4 d5 4. e5 d4 5. exf6 dxc3 6. bxc3 Qxf6 7. d4 e5 8. Nf3
exd4 9. Bg5 Qe6+ 10. Be2 Be7 11. Bxe7 d3 12. Qxd3 Qxe7 13. O-O O-O 14. Rfe1 Na6
15. Bf1 Be6 16. Nd4 Nc5 17. Qf3 Rae8 18. Qf4 Qd8 19. Rad1 Bd7 20. Re5 Ba4 21.
Rde1 Rxe5 22. Rxe5 b6 23. Nf5 Bc2 24. Ne7+ Kh8 25. Nd5 h6 26. Qe3 a5 27. Be2 c6
28. Ne7 Qd6 29. Qd4 Qc7 30. Bh5 Ne6 31. Rxe6 fxe6 32. Ng6+ Bxg6 33. Bxg6 Qf4
34. Qxf4 Rxf4 35. Bd3 Kg8 36. Kf1 Kf8 37. g3 Rf6 38. Be4 e5 39. Ke2 Ke7 40. Ke3
Kd6 41. Bd3 Kc5 42. h4 e4 0-1

[Event "IV Open Internacional Ciutat d"]
[Site "Palma"]
[Date "2009.11.23"]
[Round "4.18"]
[White "Serrano Salvador, Eduardo"]
[Black "Meijers, Viesturs"]
[Result "1/2-1/2"]
[WhiteElo "2319"]
[BlackElo "2488"]
[PlyCount "102"]
[EventDate "2009.11.21"]

1. d4 b5 2. e4 a6 3. a4 b4 4. c3 Bb7 5. Bd3 e6 6. Nf3 c5 7. cxb4 cxb4 8. O-O d5
9. e5 h6 10. Nbd2 Ne7 11. Nb3 Nd7 12. Ne1 a5 13. Qe2 Qb6 14. Be3 Nf5 15. Rc1
Be7 16. Bb5 Ba6 17. Bxa6 Qxa6 18. Qxa6 Rxa6 19. Nd3 Ra8 20. Rc6 Bd8 21. g4 Ne7
22. Rc2 h5 23. h3 hxg4 24. hxg4 Rc8 25. Nbc5 Nxc5 26. Nxc5 Bb6 27. Rfc1 Bxc5
28. Rxc5 Kd7 29. b3 Rxc5 30. Rxc5 Nc6 31. Kg2 f6 32. exf6 gxf6 33. f4 Kd6 34.
Bf2 Ra8 35. f5 e5 36. Rb5 Nxd4 37. Bxd4 exd4 38. Kf3 Rh8 39. Rb6+ Kc5 40. Rxf6
d3 41. Ke3 Rh3+ 42. Kd2 Kd4 43. g5 Rh2+ 44. Kd1 Rg2 45. g6 Kc3 46. Rc6+ Kd4 47.
Rc8 Rg5 48. f6 Rg1+ 49. Kd2 Rg2+ 50. Kd1 Rg1+ 51. Kd2 Rg2+ 1/2-1/2

[Event "IV Open Internacional Ciutat d"]
[Site "Palma"]
[Date "2009.11.23"]
[Round "4.20"]
[White "Gomez Jurado, Luis Alberto"]
[Black "Lajthajm, Borko"]
[Result "0-1"]
[WhiteElo "2283"]
[BlackElo "2481"]
[PlyCount "72"]
[EventDate "2009.11.21"]

1. d4 Nf6 2. c4 e6 3. Nf3 b6 4. g3 Bb4+ 5. Bd2 Qe7 6. Bg2 Bb7 7. a3 Bxd2+ 8.
Nbxd2 O-O 9. Nf1 a5 10. Ne3 Bxf3 11. Bxf3 Ra7 12. O-O g6 13. Rc1 d6 14. d5 e5
15. Nc2 a4 16. e4 Nbd7 17. Bg2 Nc5 18. Nb4 Rb7 19. Re1 b5 20. Bf1 bxc4 21. Bxc4
Nfd7 22. Qe2 Kg7 23. Kg2 h5 24. h4 f5 25. exf5 Rxf5 26. Rc2 Rf7 27. Bb5 Nf6 28.
f3 Qf8 29. Bc6 Rb6 30. Qc4 Ng8 31. f4 e4 32. Na2 Qc8 33. Nc3 Qg4 34. Qd4+ Kh7
35. Nxe4 Nxe4 36. Rxe4 Nh6 0-1

[Event "IV Open Internacional Ciutat d"]
[Site "Palma"]
[Date "2009.11.23"]
[Round "4.21"]
[White "Gonzalez Arribas, Vidal A"]
[Black "Carlsson, Pontus"]
[Result "1-0"]
[WhiteElo "2274"]
[BlackElo "2480"]
[PlyCount "68"]
[EventDate "2009.11.21"]

1. c4 e5 2. g3 Nf6 3. Bg2 h6 4. Nc3 Bb4 5. Qb3 a5 6. a3 Bxc3 7. Qxc3 d6 8. b3
O-O 9. Nf3 c5 10. O-O Nc6 11. e3 Be6 12. d3 Qd7 13. Rd1 Bg4 14. Bb2 Qf5 15. Nh4
Qh5 16. f3 Bd7 17. f4 exf4 18. Rf1 fxg3 19. Rxf6 Qxh4 20. Rxd6 Nd4 21. hxg3
Qxg3 22. Rxd4 Qxe3+ 23. Kh1 cxd4 24. Qxd4 Qxd4 25. Bxd4 Bc6 26. Bc5 Rfc8 27. d4
Ra6 28. Re1 Bxg2+ 29. Kxg2 Rg6+ 30. Kh2 a4 31. bxa4 b6 32. Bb4 Rxc4 33. Rd1 Rg4
34. Kh3 Rgxd4 1-0

[Event "IV Open Internacional Ciutat d"]
[Site "Palma"]
[Date "2009.11.23"]
[Round "4.22"]
[White "Gaya Llodra, Juan"]
[Black "Tratar, Marko"]
[Result "0-1"]
[WhiteElo "2259"]
[BlackElo "2480"]
[PlyCount "50"]
[EventDate "2009.11.21"]

1. d4 Nf6 2. g3 e6 3. Bg2 c5 4. Nf3 cxd4 5. O-O d5 6. Nxd4 e5 7. Nf3 Nc6 8. c4
d4 9. b4 e4 10. Ng5 Bxb4 11. Nxe4 Nxe4 12. Bxe4 Bh3 13. Qa4 Bxf1 14. Bxc6+ bxc6
15. Qxb4 Bxe2 16. Ba3 Qd7 17. Nd2 f6 18. Ne4 Kf7 19. Qd2 d3 20. Re1 Rhd8 21.
Bb2 Qf5 22. Nc3 Rab8 23. Ba3 Qa5 24. Bc1 Qb4 25. c5 Re8 0-1

[Event "IV Open Internacional Ciutat d"]
[Site "Palma"]
[Date "2009.11.23"]
[Round "4.23"]
[White "Petkov, Vladimir"]
[Black "Galiana Salom, Juan Ramon"]
[Result "1-0"]
[WhiteElo "2477"]
[BlackElo "2221"]
[PlyCount "115"]
[EventDate "2009.11.21"]

1. d4 Nf6 2. Bg5 c6 3. Bxf6 exf6 4. c4 d5 5. cxd5 Qxd5 6. Nc3 Bb4 7. e3 O-O 8.
Nge2 Bg4 9. a3 Bxc3+ 10. Nxc3 Qh5 11. Be2 Bxe2 12. Qxe2 Qxe2+ 13. Kxe2 Nd7 14.
b4 Rac8 15. Ne4 Nb6 16. Rhc1 Rce8 17. Kf3 Re7 18. g4 Rd8 19. a4 h5 20. h3 Nd5
21. b5 cxb5 22. axb5 b6 23. Ng3 hxg4+ 24. hxg4 g6 25. Rc6 Red7 26. Rac1 Kg7 27.
Ne4 Re7 28. R1c4 Rdd7 29. Rc8 Nc7 30. Nc3 Ne8 31. Ra8 Nd6 32. Ra4 f5 33. g5 Ne4
34. Nxe4 fxe4+ 35. Kg4 f6 36. gxf6+ Kxf6 37. Kf4 Rd5 38. R4xa7 Rf5+ 39. Kg3
Rg5+ 40. Kh3 Rh5+ 41. Kg2 Rg5+ 42. Kf1 Rxa7 43. Rxa7 Rxb5 44. Rb7 Rb2 45. Kg2
Ke6 46. Kg3 Kf6 47. Kf4 Rxf2+ 48. Kxe4 Rb2 49. Kd5 g5 50. e4 g4 51. e5+ Kg6 52.
Rb8 Kf7 53. e6+ Ke7 54. Rb7+ Kf6 55. Rf7+ Kg6 56. Rf4 Re2 57. Rxg4+ Kf5 58. Rg1
1-0

[Event "IV Open Internacional Ciutat d"]
[Site "Palma"]
[Date "2009.11.23"]
[Round "4.25"]
[White "Brynell, Stellan"]
[Black "Massanet Massanet, Sebastian"]
[Result "1-0"]
[WhiteElo "2472"]
[BlackElo "2243"]
[PlyCount "89"]
[EventDate "2009.11.21"]

1. e4 e6 2. d4 d5 3. Nd2 Nf6 4. e5 Nfd7 5. c3 c5 6. Bd3 Nc6 7. Ne2 cxd4 8. cxd4
f6 9. exf6 Nxf6 10. O-O Bd6 11. Nf3 O-O 12. Bf4 Bxf4 13. Nxf4 Ne4 14. Qc1 Ng5
15. Nxg5 Qxg5 16. Bxh7+ Kxh7 17. Nxe6 Qf5 18. Nxf8+ Qxf8 19. Qg5 Qf5 20. Qh4+
Kg8 21. Rae1 Be6 22. Re3 Qg4 23. Qxg4 Bxg4 24. f3 Bd7 25. Kf2 Kf7 26. g4 Be6
27. Rd3 Rc8 28. Kg3 a5 29. Rc1 a4 30. h4 Ke7 31. h5 Kd6 32. f4 Ra8 33. a3 Bf7
34. Re1 b5 35. f5 b4 36. Kf4 Rh8 37. Kg5 Rh6 38. axb4 Nxb4 39. Rc3 Nc6 40.
Rxc6+ Kxc6 41. Re7 Rf6 42. h6 Rxh6 43. Rxf7 Rh2 44. Rxg7 Rxb2 45. Ra7 1-0

[Event "IV Open Internacional Ciutat d"]
[Site "Palma"]
[Date "2009.11.23"]
[Round "4.30"]
[White "Ocantos, Manuel"]
[Black "Guerra Bastida, Diego"]
[Result "0-1"]
[WhiteElo "2161"]
[BlackElo "2429"]
[PlyCount "152"]
[EventDate "2009.11.21"]

1. Nf3 e6 2. g3 f5 3. Bg2 Nf6 4. O-O d5 5. b3 Be7 6. Bb2 O-O 7. c4 c6 8. e3 a5
9. Nc3 Bd7 10. cxd5 exd5 11. Qc2 Na6 12. Ne5 Nb4 13. Qb1 Ne4 14. Nxe4 fxe4 15.
a3 Na6 16. d3 exd3 17. Nxd7 Qxd7 18. Qxd3 Nc5 19. Qd1 Qf5 20. Bd4 Ne6 21. Bb2
Rad8 22. Rc1 Bg5 23. Qh5 Qf7 24. Qxf7+ Kxf7 25. Bh3 Nc7 26. Bd4 Nb5 27. Bb6 Ra8
28. a4 Nd6 29. Bc5 Be7 30. Bxd6 Bxd6 31. Rfd1 Rfe8 32. Bg2 Rad8 33. Rd3 Be5 34.
Rcd1 Bf6 35. Kf1 g6 36. Ke2 g5 37. h3 h5 38. Kf1 h4 39. e4 dxe4 40. Rxd8 Bxd8
41. gxh4 gxh4 42. Rd7+ Ke6 43. Rxb7 Ke5 44. Rb8 Kd6 45. Ra8 Kc7 46. Ra7+ Kb6
47. Rf7 Kc5 48. Rf4 Kd4 49. Ke2 c5 50. Rf7 Kc3 51. Rb7 Bf6 52. f4 Bd4 53. f5
Rg8 54. Bxe4 Rg3 55. Bd5 Re3+ 56. Kf1 Rxh3 57. Rh7 Kd2 58. Rh6 Rc3 59. Rc6 Re3
60. Re6 Rg3 61. Rg6 Rh3 62. f6 Re3 63. Rg2+ Kd1 64. Re2 Rxe2 65. Bf3 Kc2 66.
Bxe2 Kxb3 67. Bd1+ Kb2 68. f7 Bg7 69. Be2 Kc3 70. Ke1 c4 71. Kd1 Kb3 72. Kc1 h3
73. Bd1+ Kc3 74. Bf3 Bh6+ 75. Kb1 Kd2 76. Bd5 c3 0-1

[Event "IV Open Internacional Ciutat d"]
[Site "Palma"]
[Date "2009.11.23"]
[Round "4.32"]
[White "Asis Gargatagli, Hipolit"]
[Black "Lumsdon, Andrew"]
[Result "1-0"]
[WhiteElo "2414"]
[BlackElo "2057"]
[PlyCount "91"]
[EventDate "2009.11.21"]

1. e4 c6 2. d4 d5 3. exd5 cxd5 4. c4 Nf6 5. Nc3 Nc6 6. Bg5 e6 7. c5 Be7 8. Bb5
O-O 9. Nf3 Ne4 10. Bxe7 Nxe7 11. O-O Nxc3 12. bxc3 Qa5 13. Qb3 Rb8 14. a4 Qc7
15. Rab1 b6 16. Qa3 bxc5 17. Qxc5 Qxc5 18. dxc5 a6 19. Be2 Bd7 20. a5 Nc6 21.
Rb6 Nxa5 22. Ne5 Rxb6 23. cxb6 Bc8 24. Nd3 Nc4 25. Rb1 Bd7 26. Nc5 Bb5 27. Bxc4
dxc4 28. b7 Rb8 29. f4 g6 30. Kf2 Kg7 31. Ke3 f6 32. Nxe6+ Kf7 33. Nc5 Ke7 34.
Rd1 Bc6 35. g3 h5 36. Rd4 Bb5 37. Kd2 Bc6 38. Kc1 Bb5 39. Kb2 a5 40. Ka3 Bc6
41. Rd2 Bb5 42. Kb2 Bc6 43. Kc1 a4 44. Kb2 Ke8 45. Rd6 a3+ 46. Ka2 1-0

[Event "IV Open Internacional Ciutat d"]
[Site "Palma"]
[Date "2009.11.23"]
[Round "4.34"]
[White "Zude, Erik"]
[Black "Crespi Lopez, Juan Josep"]
[Result "1-0"]
[WhiteElo "2409"]
[BlackElo "1981"]
[PlyCount "103"]
[EventDate "2009.11.21"]

1. d4 Nf6 2. c4 g6 3. Nc3 Bg7 4. e4 d6 5. Nf3 O-O 6. Be2 e5 7. Be3 Ng4 8. Bg5
f6 9. Bh4 g5 10. Bg3 Nh6 11. dxe5 dxe5 12. c5 Be6 13. Qxd8 Rxd8 14. Rc1 c6 15.
b3 Nd7 16. Na4 Nf7 17. Nd2 Bf8 18. f3 b5 19. cxb6 Nxb6 20. Nc5 Bxc5 21. Rxc5
Rd6 22. Ra5 Rad8 23. Nf1 R8d7 24. Bf2 Nd8 25. Be3 Nc8 26. Nd2 Nb6 27. Nf1 Nc8
28. Ng3 Nb7 29. Ra4 c5 30. Kf2 Rc7 31. Rc1 Bd7 32. Rac4 Nb6 33. R4c2 Rdc6 34.
Bb5 Rd6 35. Ba6 Bc8 36. Rc3 Nd7 37. Bc4+ Kf8 38. h4 h6 39. Nf5 Rb6 40. Nxh6
gxh4 41. Rh1 Nd6 42. Rxh4 Nxc4 43. Rxc4 Ra6 44. Rc2 Rd6 45. Rc1 Ba6 46. Rg4 c4
47. Rg8+ Ke7 48. Nf5+ Ke6 49. Re8+ Kf7 50. Re7+ Kg8 51. Rg7+ Kf8 52. Rh1 1-0

[Event "IV Open Internacional Ciutat d"]
[Site "Palma"]
[Date "2009.11.23"]
[Round "4.38"]
[White "Hernandez Gallardo, Fco  Javier"]
[Black "Herms Agullo, Jordi"]
[Result "1-0"]
[WhiteElo "2360"]
[BlackElo "2113"]
[PlyCount "75"]
[EventDate "2009.11.21"]

1. e4 d5 2. exd5 Nf6 3. Nf3 Bg4 4. Bb5+ Nbd7 5. h3 a6 6. Ba4 Bf5 7. Nc3 b5 8.
Nd4 Bg6 9. Nc6 Qc8 10. Bb3 Nc5 11. d3 Nxb3 12. axb3 Nxd5 13. Qf3 Nxc3 14. bxc3
Qb7 15. Bd2 e6 16. O-O Bh5 17. g4 Bg6 18. Ra2 Kd7 19. Ne5+ Kc8 20. Qe2 Bd6 21.
Bf4 Re8 22. Bh2 f6 23. Nf3 h5 24. Nh4 Bf7 25. Qf3 hxg4 26. hxg4 Rh8 27. Bg3
Qxf3 28. Nxf3 Bxg3 29. fxg3 Kb7 30. g5 Rh3 31. Kg2 Rah8 32. Nh4 R3xh4 33. gxh4
Rxh4 34. gxf6 gxf6 35. Rxf6 Bg8 36. Ra1 Rg4+ 37. Kf2 Bh7 38. Rxe6 1-0

[Event "IV Open Internacional Ciutat d"]
[Site "Palma"]
[Date "2009.11.23"]
[Round "4.39"]
[White "Persson, Stellan"]
[Black "Hadzimanolis, Antonios"]
[Result "0-1"]
[WhiteElo "2109"]
[BlackElo "2346"]
[PlyCount "81"]
[EventDate "2009.11.21"]

1. e4 e5 2. Nf3 Nc6 3. d4 exd4 4. Nxd4 Bc5 5. Be3 Qf6 6. c3 Nge7 7. f4 d5 8. e5
Qh6 9. Qd2 Bg4 10. Bb5 Bxd4 11. cxd4 a6 12. Ba4 O-O 13. O-O Bf5 14. Na3 Qg6 15.
Bc2 h5 16. Bf2 Bxc2 17. Nxc2 Nf5 18. Rac1 Rac8 19. Qe2 Rfe8 20. Qf3 Rcd8 21.
Kh1 Re6 22. g3 Qg4 23. Qxg4 hxg4 24. Rfd1 Kf8 25. b4 Ke7 26. Kg2 Rh8 27. a4 Kd7
28. Rd3 Nce7 29. Rc3 Rc6 30. Rxc6 Nxc6 31. b5 axb5 32. axb5 Na7 33. Nb4 Nxb5
34. Nxd5 c6 35. Nc3 Nxc3 36. Rxc3 Ne7 37. Ra3 Kc7 38. Be3 Nd5 39. Bd2 Kd7 40.
Kf2 Kd8 41. Ra2 0-1

[Event "IV Open Internacional Ciutat d"]
[Site "Palma"]
[Date "2009.11.23"]
[Round "4.40"]
[White "Rabadan Velasco, Raul"]
[Black "Roig Squar, Jason"]
[Result "1-0"]
[WhiteElo "2334"]
[BlackElo "2110"]
[PlyCount "110"]
[EventDate "2009.11.21"]

1. e4 c5 2. Nf3 d6 3. d4 cxd4 4. Nxd4 Nf6 5. Nc3 a6 6. h3 e5 7. Nde2 Be7 8. g4
Be6 9. Bg2 Nbd7 10. Ng3 O-O 11. Nf5 Nb6 12. O-O Rc8 13. Re1 Re8 14. Re3 Qc7 15.
Rd3 Bxf5 16. exf5 e4 17. Nxe4 Nxe4 18. Bxe4 Bf6 19. Bf3 Nc4 20. c3 Ne5 21. Re3
h6 22. Bd5 Qb6 23. Qb3 Qxb3 24. axb3 Nc6 25. Rxe8+ Rxe8 26. Be3 Re5 27. Bxc6
bxc6 28. Rxa6 Rb5 29. b4 c5 30. bxc5 dxc5 31. Rc6 Rxb2 32. Rxc5 Rc2 33. c4 Kf8
34. Rc7 Bd8 35. Rc8 Ke7 36. c5 Kd7 37. Ra8 Rc4 38. Ra7+ Bc7 39. Kg2 Kc8 40.
Ra8+ Kd7 41. Kf3 Ke7 42. Ra7 Kd7 43. Ke2 Kc6 44. Ra8 h5 45. Kf3 Be5 46. Rf8
hxg4+ 47. hxg4 f6 48. Rf7 Bd4 49. Rxg7 Rc3 50. Ke4 Bxc5 51. Bxc5 Rxc5 52. Rf7
Rc4+ 53. Kf3 Rc3+ 54. Kg2 Kd5 55. Rxf6 Ke5 1-0

[Event "IV Open Internacional Ciutat d"]
[Site "Palma"]
[Date "2009.11.23"]
[Round "4.42"]
[White "Navarrete Espi, Samuel"]
[Black "Ortega Ruiz, Jose Miguel"]
[Result "0-1"]
[WhiteElo "1969"]
[BlackElo "2326"]
[PlyCount "86"]
[EventDate "2009.11.21"]

1. e4 d6 2. d4 Nf6 3. Nc3 g6 4. f4 Bg7 5. Nf3 c5 6. Bb5+ Bd7 7. Bxd7+ Nfxd7 8.
d5 Qa5 9. Bd2 b5 10. a3 Nb6 11. e5 Nc4 12. Ne4 Nxd2 13. Nexd2 Nd7 14. e6 fxe6
15. dxe6 Nf8 16. Ng5 h6 17. Qf3 Rc8 18. Qb7 Qc7 19. Qxb5+ Qc6 20. Qxc6+ Rxc6
21. Nge4 Nxe6 22. O-O Bxb2 23. Rab1 Bd4+ 24. Kh1 O-O 25. Rb7 d5 26. Ng3 Rc7 27.
Rxc7 Nxc7 28. f5 g5 29. Rb1 c4 30. Rb7 Bb6 31. Nf3 e6 32. fxe6 Nxe6 33. Ne5 Nc5
34. Re7 Ne4 35. Nd7 Nxg3+ 36. hxg3 Rf1+ 37. Kh2 Bd4 38. Nb8 g4 39. Nc6 Bg1+ 40.
Kh1 Bc5+ 41. Kh2 Bxe7 42. Nxe7+ Kf7 43. Nxd5 Re1 0-1

[Event "IV Open Internacional Ciutat d"]
[Site "Palma"]
[Date "2009.11.23"]
[Round "4.43"]
[White "Zozulia, Anna"]
[Black "Arroyo Salido, Marcelino-Eudor"]
[Result "1-0"]
[WhiteElo "2324"]
[BlackElo "2099"]
[PlyCount "31"]
[EventDate "2009.11.21"]

1. e4 e6 2. d4 c5 3. Nf3 cxd4 4. Nxd4 Nf6 5. Nc3 d6 6. Be3 a6 7. Bd3 b5 8. a3
Bb7 9. O-O Be7 10. f4 Nbd7 11. Qf3 Rc8 12. Rae1 O-O 13. Qh3 Rxc3 14. bxc3 Bxe4
15. Bxe4 Nxe4 16. Nxe6 1-0

[Event "IV Open Internacional Ciutat d"]
[Site "Palma"]
[Date "2009.11.23"]
[Round "4.44"]
[White "Maruejols, Claude"]
[Black "Garcia Del Rey, Senen"]
[Result "1/2-1/2"]
[WhiteElo "2039"]
[BlackElo "2278"]
[PlyCount "61"]
[EventDate "2009.11.21"]

1. d4 g6 2. c4 Bg7 3. e4 d6 4. Nc3 Nd7 5. Be2 e5 6. Nf3 Ngf6 7. O-O O-O 8. Be3
h6 9. Ne1 exd4 10. Bxd4 Re8 11. f3 c6 12. Nc2 Qe7 13. Re1 Nc5 14. Qd2 Kh7 15.
Rad1 Bf8 16. Bf2 Be6 17. Nd4 a5 18. Bf1 Rad8 19. Bh4 g5 20. Bg3 Nh5 21. Bf2 Bg7
22. b3 Be5 23. g3 Qf6 24. Qe3 Bc8 25. Nde2 Re7 26. Bg2 Rde8 27. Qd2 Rg8 28. Kh1
Qg6 29. Rg1 Qf6 30. Rgf1 Qg6 31. Rg1 1/2-1/2

[Event "IV Open Internacional Ciutat d"]
[Site "Palma"]
[Date "2009.11.23"]
[Round "4.45"]
[White "Rybenko, Kseniya"]
[Black "Ripoll Marques, Antonio"]
[Result "1-0"]
[WhiteElo "2254"]
[BlackElo "2091"]
[PlyCount "73"]
[EventDate "2009.11.21"]

1. g3 e5 2. Bg2 f5 3. e4 Nf6 4. exf5 d5 5. d4 e4 6. g4 Bb4+ 7. c3 Bd6 8. g5 Ng8
9. Qh5+ Kf8 10. f6 gxf6 11. gxf6 Nxf6 12. Bh6+ Ke7 13. Bg5 Be6 14. Nd2 Nbd7 15.
O-O-O Qe8 16. Qh4 Qg6 17. c4 c6 18. c5 Bc7 19. Bh3 Rag8 20. Bf4 Bxf4 21. Qxf4
Ne8 22. f3 Bxh3 23. Nxh3 exf3 24. Rhe1+ Kd8 25. Nxf3 Qg4 26. Qxg4 Rxg4 27. Nhg5
Rg8 28. Nf7+ Kc7 29. Nh6 Nef6 30. Nxg8 Rxg8 31. Re7 Kd8 32. Rde1 h6 33. Rf7 Ne4
34. Nd2 Ng5 35. Rfe7 Rg6 36. h4 Ne4 37. Rh7 1-0

[Event "IV Open Internacional Ciutat d"]
[Site "Palma"]
[Date "2009.11.23"]
[Round "4.49"]
[White "Pol Guiscafre, David"]
[Black "Amos, Frank"]
[Result "1/2-1/2"]
[WhiteElo "1986"]
[BlackElo "2193"]
[PlyCount "107"]
[EventDate "2009.11.21"]

1. e4 e5 2. Nf3 Nc6 3. d4 exd4 4. Bc4 Be7 5. c3 Nf6 6. e5 Ne4 7. O-O d5 8. exd6
Nxd6 9. Bb3 dxc3 10. Nxc3 O-O 11. Nd5 Bg4 12. Nxe7+ Qxe7 13. Bg5 Qxg5 14. Nxg5
Bxd1 15. Raxd1 h6 16. Nf3 Rfe8 17. Rd2 Rad8 18. Rfd1 Ne5 19. Nxe5 Rxe5 20. Bd5
Rde8 21. Kf1 g5 22. g3 Kg7 23. Rd4 Re2 24. R4d2 Rxd2 25. Rxd2 Re5 26. Rd3 Kf8
27. Bf3 Rc5 28. Rd2 a5 29. b3 Rc3 30. Ke2 Ke7 31. h4 b6 32. hxg5 hxg5 33. Rd3
Rc2+ 34. Rd2 Rxd2+ 35. Kxd2 Nb5 36. Kd3 c5 37. Bd1 Ke6 38. Kc4 Nd4 39. a3 Kd6
40. Kd3 Ke5 41. f3 Kd5 42. a4 f5 43. Kc3 f4 44. g4 Nc6 45. Bc2 Kd6 46. Be4 Ne5
47. Bb7 Kc7 48. Bd5 Nc6 49. Be4 Nd4 50. Kc4 Kd6 51. Bb7 Nc2 52. Bc8 Ne3+ 53.
Kd3 Ke7 54. Bb7 1/2-1/2

[Event "IV Open Internacional Ciutat d"]
[Site "Palma"]
[Date "2009.11.23"]
[Round "4.51"]
[White "Abadia Pascual, Luis"]
[Black "Planas Gene, Juan"]
[Result "0-1"]
[WhiteElo "1929"]
[BlackElo "2112"]
[PlyCount "120"]
[EventDate "2009.11.21"]

1. e4 e5 2. Nf3 Nf6 3. Nxe5 d6 4. Nf3 Nxe4 5. Nc3 Nxc3 6. dxc3 Be7 7. Bf4 Nc6
8. Qd2 Be6 9. Nd4 Nxd4 10. cxd4 d5 11. Bd3 Qd7 12. O-O O-O 13. Rfe1 b6 14. a4
c5 15. dxc5 bxc5 16. c3 Bd6 17. b4 Qc7 18. Bxd6 Qxd6 19. b5 Rfd8 20. Reb1 c4
21. Bc2 Qc5 22. Qd4 Qxd4 23. cxd4 Kf8 24. Kf1 Ke7 25. Ke2 Kd6 26. Kd2 Rdb8 27.
Kc3 Bd7 28. Bd1 Rb6 29. Rb4 Rab8 30. Rab1 Kc7 31. Bf3 Kd6 32. R1b2 f5 33. h4 g6
34. g3 h6 35. Rb1 g5 36. hxg5 hxg5 37. R1b2 g4 38. Bh1 R6b7 39. f3 Re8 40. Kd2
Rh8 41. Rb1 Rh2+ 42. Ke3 Rb8 43. b6 Rxb6 44. Rxb6+ axb6 45. fxg4 fxg4 46. Rxb6+
Bc6 47. Rb1 Bxa4 48. Rb6+ Bc6 49. Rb1 Ra2 50. Kf4 Rd2 51. Kxg4 Rxd4+ 52. Kf5
Rd2 53. Bf3 c3 54. Rc1 d4 55. Bxc6 Kxc6 56. g4 Kd5 57. g5 Rf2+ 58. Kg6 Kc4 59.
Kh7 d3 60. g6 Rh2+ 0-1

[Event "IV Open Internacional Ciutat d"]
[Site "Palma"]
[Date "2009.11.23"]
[Round "4.52"]
[White "Gomez Andreu, Daniel"]
[Black "Perez Aleman, Pedro Tomas"]
[Result "0-1"]
[WhiteElo "1874"]
[BlackElo "2093"]
[PlyCount "58"]
[EventDate "2009.11.21"]

1. e4 e5 2. Nf3 Nc6 3. Bc4 Bc5 4. c3 Nf6 5. d4 exd4 6. cxd4 Bb4+ 7. Nc3 Nxe4 8.
O-O Bxc3 9. d5 Bf6 10. Re1 Ne7 11. Rxe4 d6 12. Bg5 Bxg5 13. Nxg5 h6 14. Qe2
hxg5 15. Re1 Be6 16. dxe6 f6 17. Bd3 d5 18. Rg4 Qd6 19. f4 O-O-O 20. Qf2 Kb8
21. g3 gxf4 22. Rxf4 Rh6 23. Ra4 b6 24. Qc2 Rdh8 25. Re2 c5 26. Bb5 c4 27. Bd7
f5 28. Ra6 f4 29. Qa4 Qc5+ 0-1

[Event "IV Open Internacional Ciutat d"]
[Site "Palma"]
[Date "2009.11.23"]
[Round "4.53"]
[White "Mercant Simo, Jaime"]
[Black "Cerdo Fernandez, Miguel"]
[Result "1-0"]
[WhiteElo "2082"]
[BlackElo "1916"]
[PlyCount "61"]
[EventDate "2009.11.21"]

1. e4 Nf6 2. e5 Nd5 3. Nc3 Nxc3 4. dxc3 g6 5. Bc4 Bg7 6. Bf4 O-O 7. Qe2 d5 8.
O-O-O c6 9. Bd3 a5 10. g4 a4 11. a3 c5 12. c4 d4 13. h4 Nc6 14. Nh3 Be6 15. h5
Qc7 16. Rde1 Na5 17. Ng5 Qd7 18. f3 b5 19. hxg6 fxg6 20. Qh2 h6 21. Nxe6 Qxe6
22. Bxh6 Bxh6+ 23. Qxh6 Kf7 24. Bxg6+ Qxg6 25. e6+ Kf6 26. g5+ Kf5 27. Qh3+
Kxg5 28. Rhg1+ Kf6 29. Rxg6+ Kxg6 30. Qg4+ Kf6 31. Qf4+ 1-0